Memento sobre la investigación forense en Chile: un enfoque multidisciplinario
Saved in:
| Main Author: | |
|---|---|
| Format: | Book |
| Language: | Spanish |
| Published: |
Santiago
Legal Publishing
2019
|
| Edition: | 1a. ed |
| Subjects: | |
| Tags: |
Add Tag
No Tags, Be the first to tag this record!
|
MARC
| LEADER | 00000cam a2200000 a 4500 | ||
|---|---|---|---|
| 001 | UCC7442 | ||
| 003 | CL-VaPUC | ||
| 008 | 190329e20190000cl |||||||||||||||||spa|d | ||
| 020 | |a 9789564000183 | ||
| 082 | 0 | 4 | |a 345.83052 |b NIN |2 21 |
| 100 | |a Nino-Moris, Christian M. |e autor |9 602049 | ||
| 245 | 1 | 0 | |a Memento sobre la investigación forense en Chile: un enfoque multidisciplinario |
| 250 | |a 1a. ed | ||
| 300 | |a 268 p | ||
| 942 | |c BK | ||
| 945 | |d 20190329 16:06:00 |a dcastane | ||
| 260 | |a Santiago |b Legal Publishing |c 2019 | ||
| 650 | 0 | |a Investigación criminal |9 265346 | |
| 650 | 0 | |a Investigación jurídica |9 328647 | |
| 583 | |a last modification |c 20190329 16:06:00 |k Rodrigo Vera | ||
| 999 | |c 374079 |d 374077 | ||
| 952 | |0 0 |1 0 |3 erb |4 0 |6 345_830520000000000_NIN_2019 |7 0 |8 A |9 492439 |a BIBDER |b BIBDER |i 5539528 |l 3 |o 345.83052 NIN 2019 |p 5539528 |r 2024-09-13 |s 2024-09-09 |w 2019-11-24 |y BK |z Catalogado en:20190329 |k DER | ||